El Galeón de Manila [1565-1815] (Record no. 11082)

MARC details
000 -CABECERA
campo de control de longitud fija 02028nam a2200277 i 4500
001 - NÚMERO DE CONTROL
campo de control BRCA_9370
003 - IDENTIFICADOR DEL NÚMERO DE CONTROL
campo de control FranzMayer
005 - FECHA Y HORA DE LA ÚLTIMA TRANSACCIÓN
campo de control 20240122110804.0
007 - CAMPO FIJO DE DESCRIPCIÓN FÍSICA--INFORMACIÓN GENERAL
campo de control de longitud fija ta
008 - DATOS DE LONGITUD FIJA--INFORMACIÓN GENERAL
campo de control de longitud fija 240119t2016 sp aob|fr||||o001 e spa d
020 ## - NÚMERO INTERNACIONAL ESTÁNDAR DEL LIBRO
Número Internacional Estándar del Libro 9788415897699
040 ## - FUENTE DE LA CATALOGACIÓN
Centro catalogador/agencia de origen BRCA
Lengua de catalogación spa
Centro/agencia transcriptor BRCA
Normas de descripción rda
050 ## - SIGNATURA TOPOGRÁFICA DE LA BIBLIOTECA DEL CONGRESO
Número de clasificación HE859
Número de documento/Ítem .R934 2016
082 ## - NÚMERO DE LA CLASIFICACIÓN DECIMAL DEWEY
Número de edición D
Número de clasificación R934
100 1# - ENTRADA PRINCIPAL--NOMBRE DE PERSONA
Nombre de persona Ruiz Gutiérrez, Ana
Término indicativo de función/relación autor
9 (RLIN) 30010
245 ## - MENCIÓN DE TÍTULO
Título El Galeón de Manila [1565-1815]
Resto del título Intercambios culturales
Mención de responsabilidad, etc. Ana Ruiz Guitérrez; Coordinación técnica: Miguel Ángel Sorroche Cuerva.
250 ## - MENCIÓN DE EDICIÓN
Mención de edición Primera edición
260 3# - PUBLICACIÓN, DISTRIBUCIÓN, ETC.
Lugar de publicación, distribución, etc. Madrid, España
Nombre del editor, distribuidor, etc. Editoril Alhulia, S. L.
Fecha de publicación, distribución, etc. 2016.
300 ## - DESCRIPCIÓN FÍSICA
Extensión 375 páginas
Otras características físicas Ilustraciones, fotografías, mapas
Dimensiones 23 cm
500 ## - NOTA GENERAL
Nota general Publicación de piezas de la Colección Franz Mayer Páginas: 227, 256, 259,268, 262, 269 y 274.
501 ## - NOTA DE "CON"
Nota de “Con” Ubicación: Ubicación: L59-N5
520 ## - SUMARIO, ETC.
Sumario, etc. El descubrimiento del Pacífico por Vasco Núñez de Balboa en 1513 vino a confirmar la idea de que las tierras a las que se había llegado a finales del siglo XV no eran las de las Indias Orientales. Se alteraba con ello el rumbo de los acontecimientos, al marcar el camino hacia una verdadera conciencia de la realidad tanto física como humana a la que se enfrentaban los contingentes enviados por la Corona española a estos nuevos territorios.
Ampliación de la nota de sumario Cuando a finales del siglo pasado se celebraba en 1992 el Quinto Centenario del Descubrimiento de América, se abría un periodo fecundo en oportunidades para ahondar en el conocimiento de aquellos acontecimientos que tuvieron como detonante el contacto cultural entre América y Europa a finales del siglo XV. Sin duda alguna se iniciaba un intenso recorrido en el que nos encontramos inmersos y que tiene como paradas la rememoración centenaria, celebrando o conmemorando, cada uno de ellos.
Identificador Uniforme del Recurso <a href="https://consorcioeditorial.com/es/articles/pdf/25756">https://consorcioeditorial.com/es/articles/pdf/25756</a>
521 ## - NOTA DE PÚBLICO DESTINATARIO
Nota de público destinatario Recomendado para investigadores y público especializado.
650 1# - PUNTO DE ACCESO ADICIONAL DE MATERIA--TÉRMINO DE MATERIA
Término de materia o nombre geográfico como elemento de entrada Ensayos
Subdivisión cronológica Siglo XVI-XVII
9 (RLIN) 30011
942 ## - ELEMENTOS DE PUNTO DE ACCESO ADICIONAL (KOHA)
Fuente del sistema de clasificación o colocación Library of Congress Classification
Tipo de ítem Koha Libros
Holdings
Estado de retiro Estado de pérdida Fuente del sistema de clasificación o colocación Estado dañado No para préstamo Localización permanente Ubicación/localización actual Fecha de adquisición Total de préstamos Signatura topográfica completa Código de barras Fecha visto por última vez Precio válido a partir de Tipo de ítem Koha
El ejemplar forma parte de la colección y puede ser consultado según las políticas vigentes.   Library of Congress Classification     Biblioteca del Museo Franz Mayer (Rogerio Casas-Alatriste) Biblioteca del Museo Franz Mayer (Rogerio Casas-Alatriste) 19/01/2024   HE859 .R934 2016 CONT10240 19/01/2024 19/01/2024 Libros